000
00199 a2200097 4500
001
11187
100
_a
Tinker, H.
245
_a
India and Pakistan
260
_a
_b
Weidenfeld
_c
090
_c
8741
_d
8741
942
_a
NUST-CAE
_c
M
_c
35535
999
_c
246260
_d
246260